Literature : (Record no. 8838)

MARC details
000 -LEADER
fixed length control field 01102cam a22003494a 4500
001 - CONTROL NUMBER
control field 14076790
003 - CONTROL NUMBER IDENTIFIER
control field mut
005 - DATE AND TIME OF LATEST TRANSACTION
control field 20240606081104.0
008 - FIXED-LENGTH DATA ELEMENTS--GENERAL INFORMATION
fixed length control field 050816s2005 nyua b 001 0 eng
010 ## - LIBRARY OF CONGRESS CONTROL NUMBER
LC control number 2005280186
020 ## - INTERNATIONAL STANDARD BOOK NUMBER
International Standard Book Number 0321355091 (slipcase : set)
020 ## - INTERNATIONAL STANDARD BOOK NUMBER
International Standard Book Number 0321245512 (literature)
020 ## - INTERNATIONAL STANDARD BOOK NUMBER
International Standard Book Number 0321183304 (literature interactive)
020 ## - INTERNATIONAL STANDARD BOOK NUMBER
International Standard Book Number 0321272609 (schools)
040 ## - CATALOGING SOURCE
Original cataloging agency DLC
Transcribing agency DLC
Modifying agency DLC
042 ## - AUTHENTICATION CODE
Authentication code pcc
050 00 - LIBRARY OF CONGRESS CALL NUMBER
Classification number PN6014
Item number .L58 2005d
082 00 - DEWEY DECIMAL CLASSIFICATION NUMBER
Classification number 808
Edition information 22
245 00 - TITLE STATEMENT
Title Literature :
Remainder of title an introduction to fiction, poetry, and drama /
250 ## - EDITION STATEMENT
Edition statement 9th ed.
260 ## - PUBLICATION, DISTRIBUTION, ETC.
Place of publication, distribution, etc. New York :
Name of publisher, distributor, etc. Pearson Longman,
Date of publication, distribution, etc. c2005.
300 ## - PHYSICAL DESCRIPTION
Extent 4 v. :
Other physical details ill. ;
Dimensions 25 cm.
500 ## - GENERAL NOTE
General note "Portable edition"--Slipcase.
500 ## - GENERAL NOTE
General note Issued in slipcase.
500 ## - GENERAL NOTE
General note Includes indexes.
650 #0 - SUBJECT ADDED ENTRY--TOPICAL TERM
Topical term or geographic name entry element Literature
Form subdivision Collections.
700 1# - ADDED ENTRY--PERSONAL NAME
Personal name Kennedy, X. J.
700 1# - ADDED ENTRY--PERSONAL NAME
Personal name Gioia, Dana.
906 ## - LOCAL DATA ELEMENT F, LDF (RLIN)
a 7
b cbc
c origcop
d 2
e ncip
f 20
g y-gencatlg
942 ## - ADDED ENTRY ELEMENTS (KOHA)
Source of classification or shelving scheme Library of Congress Classification
Koha item type Books
Holdings
Withdrawn status Lost status Source of classification or shelving scheme Damaged status Not for loan Home library Current library Date acquired Total checkouts Full call number Barcode Date last seen Price effective from Koha item type
    Library of Congress Classification     Murang'a University of Technology Library Murang'a University of Technology Library 04/05/2017   PN6014 .L58 2005d 009267 30/08/2024 04/05/2017 Books